[Event "ISR-chT U14"]
[Site "Afula"]
[Date "2022.08.22"]
[Round "3"]
[White "Zakin, Ilay"]
[Black "Zlicha, Michael"]
[Result "1-0"]
[WhiteElo "1672"]
[BlackElo "1234"]
[PlyCount "47"]
[EventDate "2022.08.21"]
[EventType "team-tourn"]
[EventRounds "9"]
[EventCountry "ISR"]
[SourceTitle "CBM 210 Extra"]
[Source "ChessBase"]
[SourceDate "2022.11.30"]
[SourceVersion "1"]
[SourceVersionDate "2022.11.30"]
[SourceQuality "1"]

1. e4 e5 2. Nf3 Nf6 3. Nc3 Nc6 4. d4 d5 5. dxe5 Nxe4 6. Qxd5 Nxc3 7. Qxd8+ Kxd8 8. bxc3 g6 9. Bg5+ Be7 10. 0-0-0+ Ke8 11. Bb5 Be6 12. Bf6 Bxf6 13. exf6 a6 14. Bxc6+ bxc6 15. Nd4 Bxa2 16. Rhe1+ Kf8 17. Re7 Rc8 18. Nxc6 Be6 19. Rxc7 Ra8 20. Nd8 Ke8 21. Re7+ Kf8 22. Nxe6+ fxe6 23. Rdd7 h5 24. Rxe6 1-0